000
00232nam a2200109Ia 4500
008
190216s9999||||xx |||||||||||||| ||und||
100
_a
P A Varier
245
0
_a
Althara
260
_b
Current Books
650
_a
Nadakam
942
_c
BK
999
_c
24423
_d
24423